• 首页
  • 本馆介绍
  • 公告通知
  • 最新文献
  • 馆藏检索
  • 电子资源
  • 读者导购
  • 参考咨询
  • 我的图书馆
  • 登录
  • 详细信息显示
  • 放入我的书架
  • 预约/预借图书
  • 作者相关作品
  • 分类相关作品
  • 丛书相关作品
  • 出版社相关作品

书目信息

  • 表格格式
  • 工作单格式
  • 卡片格式
题名:
1938:德国记者笔尖下的中国和日本
    
 
作者: 柯德士 著 ;王迎宪 译
分册:  
出版信息: 北京   中国青年出版社  2016
页数: 270页
开本: 21cm
丛书名:
单 册:
中图分类: I516.55
科图分类:
主题词: 纪实文学--ji shi wen xue--德国--现代
电子资源:
ISBN: 978-7-5153-4494-2
000 01004nam0 22002411 450
001 0118172110
005 20170618172110.0
010    @a978-7-5153-4494-2@dCNY45.00
100    @a20170116d2016 em y0chiy50 ea
101 1  @achi@cger
102    @aCN@b110000
105    @aa z 000yy
106    @ar
200 1  @a1938:德国记者笔尖下的中国和日本@A1938de guo ji zhe bi jian xia de zhong guo he ri ben@f(德)恩斯特·柯德士(Ernst Cordes)著@g王迎宪译
210    @a北京@c中国青年出版社@d2016
215    @a270页@c照片@d21cm
330    @a本书描述了作者与教授、外交官、海员、乡村农民、草原牧民、市民百姓以及来中国的旅游者结识交谈的情景。书中有一定的篇幅写到了日本和日本人,对当时中日关系的形势分析以及两国人性格、思想的对比,作者都有十分独到的见解。
606 0  @a纪实文学@Aji shi wen xue@y德国@z现代
690    @aI516.55@v5
701  0 @c(德)@a柯德士@Ake de shi@c(Cordes, Ernst@f1908~?)@4著
702  0 @a王迎宪@Awang ying xian@4译
801  0 @aCN@bTANGWEI@c20170610
905    @b1008357-62@dI516.55@e163@f6
    
    1938:德国记者笔尖下的中国和日本/(德)恩斯特·柯德士(Ernst Cordes)著/王迎宪译 .-北京:中国青年出版社,2016
    270页:照片;21cm
    
    
    ISBN 978-7-5153-4494-2:CNY45.00
    本书描述了作者与教授、外交官、海员、乡村农民、草原牧民、市民百姓以及来中国的旅游者结识交谈的情景。书中有一定的篇幅写到了日本和日本人,对当时中日关系的形势分析以及两国人性格、思想的对比,作者都有十分独到的见解。
●
相关链接 在E读中查询图书 在五车中查询图书 在当当中查询图书 在豆瓣中查询图书


正题名:1938:德国记者笔尖下的中国和日本     索取号:I516.55/163         预约/预借

序号 登录号 条形码 馆藏地/架位号 状态 备注
1 1008357   210083577   第一样本阅览室/ [索取号:I516.55/163] 在馆    
2 1008358   210083586   教育系资料室/ [索取号:I516.55/163] 在馆    
3 1008359   210083595   教育系资料室/ [索取号:I516.55/163] 在馆    
4 1008360   210083602   教育系资料室/ [索取号:I516.55/163] 在馆    
5 1008361   210083611   第二借阅区/ [索取号:I516.55/163] 在馆    
6 1008362   210083620   第二借阅区/ [索取号:I516.55/163] 在馆    
唐山师范学院图书馆 欢迎您!
大连网信软件有限公司© 版权所有